Normal view
MARC view
Entry Personal Name
001 - CONTROL NUMBER
- control field: 5740
003 - CONTROL NUMBER IDENTIFIER
- control field: BD-RjUL
005 - DATE AND TIME OF LATEST TRANSACTION
- control field: 20221106171213.0
008 - FIXED-LENGTH DATA ELEMENTS
- fixed length control field: 221106|| aca||aabn | a|a d
040 ## - CATALOGING SOURCE
- Original cataloging agency: BD-RjUL
- Transcribing agency: BD-RjUL
100 ## - HEADING--PERSONAL NAME
- Personal name: Miah, A. J. Co-Supervisor
670 ## - SOURCE DATA FOUND
- Source citation: Work cat.: (BD-RjUL)80724: Azam, Md. Ali 5739, Study of quantitative inheritance in some mutants of Rice /, 1994